NDU-K Library Catalogue

Girl in a jacket 

Conflict, political accountability, and aid / (Record no. 23684)

MARC details
000 -LEADER
fixed length control field 01287cam a2200385 a 4500
001 - CONTROL NUMBER
control field 16158770
003 - CONTROL NUMBER IDENTIFIER
control field OSt
005 - DATE AND TIME OF LATEST TRANSACTION
control field 20260410070654.0
008 - FIXED-LENGTH DATA ELEMENTS--GENERAL INFORMATION
fixed length control field 100329s2011 nyua b 001 0 eng
010 ## - LIBRARY OF CONGRESS CONTROL NUMBER
LC control number 2010012690
020 ## - INTERNATIONAL STANDARD BOOK NUMBER
International Standard Book Number 9780415587273
020 ## - INTERNATIONAL STANDARD BOOK NUMBER
International Standard Book Number 9780415587310
Qualifying information pbk.
020 ## - INTERNATIONAL STANDARD BOOK NUMBER
International Standard Book Number 9780203842256
Qualifying information ebk.
035 ## - SYSTEM CONTROL NUMBER
System control number 16158770
040 ## - CATALOGING SOURCE
Original cataloging agency DLC
Transcribing agency DLC
Modifying agency DLC
043 ## - GEOGRAPHIC AREA CODE
Geographic area code d------
050 00 - LIBRARY OF CONGRESS CALL NUMBER
Classification number HD75
Item number .C647 2011
082 00 - DEWEY DECIMAL CLASSIFICATION NUMBER
Classification number 338.9109172/4
Edition number 22
100 1# - MAIN ENTRY--PERSONAL NAME
Personal name Collier, Paul.
245 10 - TITLE STATEMENT
Title Conflict, political accountability, and aid /
Statement of responsibility, etc. Paul Collier.
260 ## - PUBLICATION, DISTRIBUTION, ETC.
Place of publication, distribution, etc. New York, NY :
Name of publisher, distributor, etc. Routledge,
Date of publication, distribution, etc. 2011.
300 ## - PHYSICAL DESCRIPTION
Extent xx, 388 p. :
Other physical details ill. ;
Dimensions 25 cm.
336 ## - CONTENT TYPE
Content type term text
Content type code txt
Source rdacontent
337 ## - MEDIA TYPE
Media type term unmediated
Media type code n
Source rdamedia
338 ## - CARRIER TYPE
Carrier type term volume
Carrier type code nc
Source rdacarrier
504 ## - BIBLIOGRAPHY, ETC. NOTE
Bibliography, etc. note Includes bibliographical references and index.
650 #0 - SUBJECT ADDED ENTRY--TOPICAL TERM
Topical term or geographic name entry element Development economics.
650 #0 - SUBJECT ADDED ENTRY--TOPICAL TERM
Topical term or geographic name entry element Economic assistance
Geographic subdivision Developing countries.
650 #0 - SUBJECT ADDED ENTRY--TOPICAL TERM
Topical term or geographic name entry element Civil War
General subdivision Economic aspects
Geographic subdivision Developing countries.
650 #0 - SUBJECT ADDED ENTRY--TOPICAL TERM
Topical term or geographic name entry element Democracy
Geographic subdivision Developing countries.
906 ## - LOCAL DATA ELEMENT F, LDF (RLIN)
a 7
b cbc
c orignew
d 1
e ecip
f 20
g y-gencatlg
942 ## - ADDED ENTRY ELEMENTS (KOHA)
Source of classification or shelving scheme Library of Congress Classification
Koha item type Normal Collection
Suppress in OPAC No
Holdings
Withdrawn status Lost status Source of classification or shelving scheme Damaged status Not for loan Home library Current library Date acquired Inventory number Total Checkouts Full call number Barcode Date last seen Copy number Price effective from Koha item type
    Library of Congress Classification     International Peace Support Training Centre (IPSTC) International Peace Support Training Centre (IPSTC) 14/11/2022 2141/2016   HD75 .C647 2011 200121412016 14/11/2022 c4 14/11/2022 Normal Collection
    Library of Congress Classification     International Peace Support Training Centre (IPSTC) International Peace Support Training Centre (IPSTC) 10/04/2026 2470/2017   HD75 .C647 2011 200124702017 10/04/2026 c1 10/04/2026 Normal Collection
    Library of Congress Classification     International Peace Support Training Centre (IPSTC) International Peace Support Training Centre (IPSTC) 10/04/2026 2525/2017   HD75 .C647 2011 200125252017 10/04/2026 c2 10/04/2026 Normal Collection
    Library of Congress Classification     International Peace Support Training Centre (IPSTC) International Peace Support Training Centre (IPSTC) 10/04/2026 2733/2018   HD75 .C647 2011 200127332018 10/04/2026 c3 10/04/2026 Normal Collection
    Library of Congress Classification     International Peace Support Training Centre (IPSTC) International Peace Support Training Centre (IPSTC) 10/04/2026 2064/2016   HD75 .C647 2011 200120642016 10/04/2026 C5 10/04/2026 Normal Collection
Copyright © 2026 [National Defence University - Kenya]. All rights reserved.